000 01206nam a22002777a 4500
005 20080905121451.0
008 110608t xxu||||| |||| 00| 0 hin d
010 _aHIN-92905
020 _c500.00
_a9788186920435
035 _aHN-65251
037 _bDBAD / PUB
040 _aDPL
_bHN
082 _a398.9
100 _928442
_aमिश्र, रामकुमारी
245 _aमुहावरा एवं लोकोक्तित कोश /
_cरामकुमारी मिश्र
246 _aIdiom evam proverb kosh
_bby Ramkumari Mishra
260 _aदिल्ली
_bशांति पुस्तक मंदिर
_c2010
270 _a71, ब्लाक-के, लाल क्वार्टर, कृष्ण नगर
_bदिल्ली
_e110051
300 _a416पृ
_c22सेमी (सजिल्द)
650 _928443
650 _928455
700 _928521
700 _928536
942 _adpl
_cHN
_2ddc
_mमिश्ररा
_h398.9
999 _c52866
_d52866